Normal view MARC view

Entry Nombre personal

Number of records used in: 1

001 - NÚMERO DE CONTROL

  • campo de control: 1039

003 - IDENTIFICADOR DE NÚMERO DE CONTROL

  • campo de control: DLC

005 - FECHA Y HORA DE LA ÚLTIMA TRANSACCIÓN

  • campo de control: 20260409145648.0

008 - ELEMENTOS DE DATO DE LONGITUD-FIJA

  • campo de control de longitud fija: 090902n| azannaabn |a aaa

010 ## - NÚMERO DE CONTROL DE LA BIBLIOTECA DEL CONGRESO

  • Número de control de LC: n 2009213874
  • Número de control de LC cancelado o no válido: no2016073972

035 ## - NÚMERO DE CONTROL DEL SISTEMA

  • Número de control de sistema: (OCoLC)oca08228380

040 ## - FUENTE DE CATALOGACIÓN

  • Centro catalogador/agencia de origen: DLC
  • Lengua de catalogación: eng
  • Normas de descripción: rda
  • Centro/agencia transcriptor: DLC
  • Centro/agencia modificador: NNC
  • Centro/agencia modificador: MH
  • Centro/agencia modificador: DLC

100 1# - ENCABEZAMIENTO-NOMBRE DE PERSONA

  • Nombre de persona: Herrera, María José

370 ## - LUGAR ASOCIADO

  • Otro lugar asociado: Buenos Aires (Argentina)
  • Fuente del término: naf

372 ## - CAMPO DE ACTIVIDAD

  • Campo de actividad: Arts
  • Fuente del término: lcsh

373 ## - GRUPO ASOCIADO

  • Grupo asociado: Museo Nacional de Bellas Artes (Argentina)
  • Grupo asociado: Asociación Argentina de Críticos de Arte
  • Fuente del término: naf

374 ## - OCUPACIÓN

  • Ocupación: Authors
  • Ocupación: Art museum curators
  • Fuente del término: lcsh

400 1# - TRAZADO DE VÉASE--NOMBRE DE PERSONA

  • Subcampo de control: nne
  • Nombre de persona: José Herrera, María

670 ## - FUENTE DE DATOS ENCONTRADOS

  • Cita de la fuente: Camargo, Iberê. Iberê Camargo, 2009?:
  • Información encontrada: p. opp. t.p. (María José Herrera; graduated in arts, Univ. de Buenos Aires (UBA); head of research and curation department, Museo Nacional de Bellas Artes (MNBA); president, Argentina Art Critics Association AACA-AICA)

670 ## - FUENTE DE DATOS ENCONTRADOS

  • Cita de la fuente: Pop!, 2010, viewed June 28, 2016:
  • Información encontrada: title page verso, pdf document (curadora; autor, María José Herrera)

670 ## - FUENTE DE DATOS ENCONTRADOS

  • Cita de la fuente: Arte de sistemas, agosto 2013, viewed June 1, 2016:
  • Información encontrada: title page, pdf document (curadoría y textos, María José Herrera, Mariana Marchesi)